Loading...
Inclusive education across cultures /
| Format: | Printed Book |
|---|---|
| Language: | English |
| Published: |
New Delhi:
Sage,
2009.
|
| Subjects: |
| LEADER | 00580cam a2200193ua 4500 | ||
|---|---|---|---|
| 008 | 100101t2009||||||||||| 00 ||eng c | ||
| 020 | |a 978-81-7829-903-7 | ||
| 041 | 0 | |a eng | |
| 082 | |a 371.904 6 |b INC | ||
| 245 | 0 | 0 | |a Inclusive education across cultures / |
| 260 | |a New Delhi: |b Sage, |c 2009. | ||
| 300 | |a xxv, 468p.. | ||
| 362 | 1 | |a 2009. | |
| 365 | |a RS695.00 | ||
| 650 | |a Inclusive education | ||
| 650 | 0 | |a Education | |
| 942 | |c BK | ||
| 999 | |c 21584 |d 21584 | ||
| 952 | |0 0 |1 0 |4 0 |6 371_904000000000000_6_IN |7 0 |9 22858 |a KUCL |b KUCL |d 2014-05-23 |l 0 |o 371.904 6 IN |p 21965 |r 2014-05-23 |w 2014-05-23 |y BK | ||